| 000 | 00373nam a22001337a 4500 | ||
|---|---|---|---|
| 020 | _a9780070295560 | ||
| 040 | _cNust | ||
| 082 |
_a621.89 _bHAM |
||
| 100 |
_aBernard H, Hamrock _9127360 |
||
| 245 | _aFundamentals of fluid film lubrications | ||
| 260 |
_aHightstown: _bMcGraw Hill, _c1994. |
||
| 650 |
_aFundamentals of fluid film lubrications _9127365 |
||
| 942 |
_2ddc _cBK |
||
| 999 |
_c612504 _d612504 |
||